|
|
|
|
| LEADER |
01143nab#a2200325#ar4500 |
| 001 |
000074028 |
| 003 |
SVKKK |
| 005 |
20040512xxxxxxx. |
| 008 |
06 c xo huno |
| FMT |
|
|
|
| 038 |
|
|
|a SVKKK
|
| 040 |
|
|
|a SVKKK
|b slo
|e AACR2
|
| 041 |
0 |
|
|a hun
|
| 044 |
|
|
|a xo
|c SK
|
| 080 |
|
|
|a 377
|
| 100 |
1 |
|
|a Édes, Július
|4 aut
|
| 242 |
1 |
0 |
|a Oznam Humenskej štátnej uhorskej kráľovskej rezbárskej školy
|
| 245 |
1 |
0 |
|a A homonnai m.kir. állami faipari szakiskola fölvételi értesitése
|c Július Édes
|
| 500 |
|
|
|a Gyula
|
| 500 |
|
|
|a mikrofilm
|
| 520 |
2 |
|
|a Podrobný popis činností štátnej rezbárskej školy v Humennom v školskom roku 1912/1913. Predkladá ho riaditeľ Július (Gyula) Édes a je datovaný v Humennom 12. augusta 1912. Popis prijímacích pohovorov, kurzov atď.
|
| 650 |
0 |
4 |
|a Humenská štátna rezbárska škola - popis činnosti - školský rok 1912/1913 - Humenné - 12.08.1912 - oznamy
|
| 773 |
0 |
|
|t Felvidéki Hirlap
|g Roč. 5, č. 33 (25.08.1912) s. 3
|
| 957 |
|
|
|a Humenné
|
| 958 |
|
|
|a DG
|
| 958 |
|
|
|a SK
|
| 974 |
|
|
|a Ba
|d 20040512
|
| 992 |
|
|
|a RBX
|
| BAS |
|
|
|
| 998 |
|
|
|a RETRO
|